000 00631 a2200181 4500
003 Nust
005 20230504133101.0
020 _a8130706121
040 _cNust
082 _a973.099,LAS
100 _aLaski, Harold J.
_966476
245 _aThe American Presidency :
_bAn Interpretation /
_cHarold J. Laski
260 _aNew Delhi
_bCasmo Pub
_62007
300 _a278 p
505 _aIntroduction (Page-1), The President and His Cabinet (Page-70), The President and Congress (Page-111), Foreign Relations (Page-156), Concluding Observations (Page-228).
650 _aAmerican Presidency
_966477
942 _2ddc
_cBK
_k973.099,LAS
999 _c187176
_d187176